000 00388nam a2200145 i 4500
001 80053
003 ES-MaACL
007 t|
008 041026s1966 sp ||||1| spa d
100 1 _aHevia Losa, Jacobo.
_963507
245 1 0 _aToma tu Cruz /
_cJacobo Hevia Losa.
260 _aVillaba (Pamplona) :
_bOPE,
_c[1966]
300 _a183 p. ;
_c19 cm.
852 _aES-MaACL
_jG-15918
_bR.62151
999 _c80053
_d80053